Funding rows foil ambition (Record no. 76763)
[ view plain ]
| 000 -LEADER | |
|---|---|
| fixed length control field | 01032cab a2200181 4500 |
| 001 - CONTROL NUMBER | |
| control field | ##L133042 |
| 008 - FIXED-LENGTH DATA ELEMENTS--GENERAL INFORMATION | |
| fixed length control field | 060405n2006 000 0 eng u |
| 035 ## - SYSTEM CONTROL NUMBER | |
| System control number | (Sirsi) u133042 |
| 041 0# - LANGUAGE CODE | |
| Language code of text/sound track or separate title | eng |
| 100 1# - MAIN ENTRY--PERSONAL NAME | |
| Personal name | Early, Catherine |
| 245 00 - TITLE STATEMENT | |
| Title | Funding rows foil ambition |
| 260 ## - PUBLICATION, DISTRIBUTION, ETC. | |
| Date of publication, distribution, etc. | 2006 |
| 490 #0 - SERIES STATEMENT | |
| Series statement | Planning (for the Natural and Built Environment) |
| Volume/sequential designation | (1662) 31 March 2006, 17-18(2) |
| 520 ## - SUMMARY, ETC. | |
| Summary, etc. | Considers the effectiveness of government devolution of transport investment decision-making to the regions. Looks at the revised funding mechanism for the December 2005 £1.6bn local transport settlement which is limited to capital spending and cannot be used for revenue funding. Transport planners are not yet convinced that devolution is the answer to a shortage of funding. Features the key sources of income for major and smaller transport development schemes. Table covers regional funding allocations 2005-08. |
| 590 ## - LOCAL NOTE (RLIN) | |
| Local note | IKA110406 |
| 690 ## - LOCAL SUBJECT ADDED ENTRY--TOPICAL TERM (OCLC, RLIN) | |
| Topical term or geographic name as entry element | PROPERTY-INFRASTRUCTURE-INFRASTRUCTURE FINANCE AND INVESTMENT |
| 942 ## - ADDED ENTRY ELEMENTS (KOHA) | |
| Suppress in OPAC | 0 |
| Withdrawn status | Lost status | Source of classification or shelving scheme | Damaged status | Not for loan | Home library | Current library | Shelving location | Date acquired | Total Checkouts | Full call number | Barcode | Date last seen | Copy number | Price effective from | Koha item type |
|---|---|---|---|---|---|---|---|---|---|---|---|---|---|---|---|
| Dewey Decimal Classification | London | London | Journal article | 05/04/2006 | L133042 | 133042-1001 | 06/08/2019 | 1 | 06/08/2019 | Journal article |